Normal view
MARC view
Entry Personal Name
001 - CONTROL NUMBER
- control field: 17624
003 - CONTROL NUMBER IDENTIFIER
- control field: ARRUPE
005 - DATE AND TIME OF LATEST TRANSACTION
- control field: 20150504110238.0
008 - FIXED-LENGTH DATA ELEMENTS
- fixed length control field: 150504|| aca||aabn | a|a d
040 ## - CATALOGING SOURCE
- Original cataloging agency: ARRUPE
- Transcribing agency: ARRUPE
100 ## - HEADING--PERSONAL NAME
- Personal name: Dawson, Christopher,
- Dates associated with a name: 1889-1970.
670 ## - SOURCE DATA FOUND
- Source citation: Work cat.: (ARRUPE)0: Dawson, Christopher, 1889-1970., The spirit of the Oxford movement,, 1933.